00642 2200205 4500001002100000005001700021008004100038035002400079040001200103082001400115090002000129100001400149245009100163260008600254300002900340650001900369850001200388990001800400990001800418INLIS00000000002379920161104104620.0  0010-111600000000053 aYOPDYOG 223a069.5 aNUS 069.5 Pur P aPURMAWATI aPengelolaan koleksi museum di Sulawesi Selatanc/ Purmawati; editor, Syuaib Mallombasi aSulawesi SelatanbDinas Kebudayaan dan Pariwisata Provinsi Sulawesi Selatanc2010 axiii, 140 hlm.c; 20 cm. aKoleksi Museum aYOPDYOG a45794-PD/A.13 a45793-PD/A.13